| 000 | 00326nam a2200121Ia 4500 | ||
|---|---|---|---|
| 008 | 190923s9999||||xx |||||||||||||| ||und|| | ||
| 037 | _c45704-04-2018 | ||
| 245 | 0 | _aSocial foundations of education/ | |
| 260 |
_aNew York: _bHolt, Rinehart & Winston, _c1956 |
||
| 300 | _a638p. | ||
| 650 | _aEducation Sociology Of | ||
| 942 | _cBK | ||
| 999 |
_c12987 _d12987 |
||